Sexuality,obscenity,community (Record no. 259)

MARC details
000 -LEADER
fixed length control field 00547 a2200169 4500
001 - CONTROL NUMBER
control field 066067
003 - CONTROL NUMBER IDENTIFIER
control field OSt
005 - DATE AND TIME OF LATEST TRANSACTION
control field 20210909114349.0
008 - FIXED-LENGTH DATA ELEMENTS--GENERAL INFORMATION
fixed length control field
082 ## - DEWEY DECIMAL CLASSIFICATION NUMBER
Classification number 305.40954
Item number G95S
100 1# - MAIN ENTRY--PERSONAL NAME
Personal name Gupta, Charu
245 1# - TITLE STATEMENT
Title Sexuality,obscenity,community
Statement of responsibility, etc by Charu Gupta
260 ## - PUBLICATION, DISTRIBUTION, ETC. (IMPRINT)
Place of publication, distribution, etc UK
Name of publisher, distributor, etc Permanent Black
Date of publication, distribution, etc 2008
300 ## - PHYSICAL DESCRIPTION
Extent 388p.
690 ## - LOCAL SUBJECT ADDED ENTRY--TOPICAL TERM (OCLC, RLIN)
Topical term or geographic name as entry element Manners and customs; Sex--Religious aspects--Hinduism; Women--Social life and customs; India; Moral conditions; Muslim women; Women; Women and religion
942 ## - ADDED ENTRY ELEMENTS (KOHA)
Source of classification or shelving scheme Dewey Decimal Classification
Koha item type Books
Holdings
Withdrawn status Lost status Source of classification or shelving scheme Damaged status Not for loan Collection code Home library Current library Date acquired Source of acquisition Cost, normal purchase price Total Checkouts Full call number Barcode Date last seen Date checked out Price effective from Koha item type
    Dewey Decimal Classification     General Text Book Central University Of Rajasthan Central University Of Rajasthan 07/03/2012 ENG 350.00 1 305.40954 G95S 353 21/11/2024 18/03/2021 02/09/2020 Books